Welcome to CU Library Online Public Access Catalogue (OPAC)

Microeconomics / (Record no. 186)

MARC details
000 -LEADER
fixed length control field 00689cam a22002174a 4500
001 - CONTROL NUMBER
control field 12008270
005 - DATE AND TIME OF LATEST TRANSACTION
control field 20241025121504.0
008 - FIXED-LENGTH DATA ELEMENTS--GENERAL INFORMATION
fixed length control field 000515s2001 maua 001 0 eng
020 ## - INTERNATIONAL STANDARD BOOK NUMBER
International Standard Book Number 9780072317947
050 00 - LIBRARY OF CONGRESS CALL NUMBER
Classification number HB172
Item number .C558 2001
082 00 - DEWEY DECIMAL CLASSIFICATION NUMBER
Classification number 338.5
Edition information 21
100 1# - MAIN ENTRY--PERSONAL NAME
Personal name Colander, David C.
245 10 - TITLE STATEMENT
Title Microeconomics /
Statement of responsibility, etc. David C. Colander.
250 ## - EDITION STATEMENT
Edition statement 4th ed.
260 ## - PUBLICATION, DISTRIBUTION, ETC.
Place of publication, distribution, etc. Boston, Mass. :
Name of publisher, distributor, etc. Irwin/McGraw-Hill
Date of publication, distribution, etc. c2001.
300 ## - PHYSICAL DESCRIPTION
Extent xxiv. (various pagings) :
Other physical details col. ill. ;
Dimensions 26 cm.
500 ## - GENERAL NOTE
General note A multi-media instructional package with related Website is available to supplement the text.
500 ## - GENERAL NOTE
General note Includes index.
650 #0 - SUBJECT ADDED ENTRY--TOPICAL TERM
Topical term or geographic name entry element Microeconomics.
942 ## - ADDED ENTRY ELEMENTS (KOHA)
Source of classification or shelving scheme Library of Congress Classification
Koha item type Books
Edition 4th Ed.
Suppress in OPAC No
999 ## -
-- 186
-- 186
Holdings
Withdrawn status Lost status Source of classification or shelving scheme Damaged status Not for loan Collection Home library Current library Shelving location Date acquired Total checkouts Full call number Barcode Date last seen Copy number Price effective from Koha item type
    Library of Congress Classification     Non-fiction Business Library (Miotso) Business Library (Miotso) General stacks 10/16/2024   HB172 .C558 2001 bssm00000077 10/25/2024 1 10/16/2024 Books
© 2023-2024 Copyright: Central University Libraries. All Rights Reserved | Created by: Mahone Tech Office